Indicadores sociales y económicos en los municipios donde se localizan los Parques Nacionales Naturales de Colombia (Registro nro. 6762)

Detalles MARC
000 -CABECERA
Campo de control 00856nam a2200241 a 4500
005 - FECHA Y HORA DE LA ULTIMA TRANSACCION
Campo de control 20150106153613.0
008 - ELEMENTOS DE LONGITUD FIJA—INFORMACION GENERAL
Campo de control 140130b2008 ck ||||| |||| 00| 0 spa d
040 ## - FUENTE DE CATALOGACIÓN
Agencia catalogadora original CO-BoIAVH
Agencia transcriptora CO-BoIAVH
041 ## - IDIOMA
Código de idioma para texto/pista de sonido o título separado Español
044 ## - PAÍS DE PUBLICACIÓN
País de publicación Colombia
090 ## - CLASIFICACIÓN LOCAL
Colección IAVH
Consecutivo 01289
100 ## - ASIENTO PRINCIPAL--NOMBRE PERSONAL
Nombre personal Rudas LLeras, Guillermo
245 ## - MENCION DE TITULO
Título Indicadores sociales y económicos en los municipios donde se localizan los Parques Nacionales Naturales de Colombia
Parte restante del título Propuesta de indicadores para el informe de estado de la biodiversidad en Colombia 2007-2008
260 ## - PUBLICACION, DISTRIBUCION, ETC. (PIE DE IMPRENTA)
Lugar de publicación, distribución, etc. Bogotá
Nombre del editor, distribuidor, etc. IAVH
Fecha de publicación, distribución, etc. 2008
300 ## - DESCRIPCION FISICA
Extensión 51 p.
700 ## - ASIENTO SECUNDARIO - NOMBRE PERSONAL
Nombre personal Rodríguez, Nelly
700 ## - ASIENTO SECUNDARIO - NOMBRE PERSONAL
Nombre personal Morales, Mónica
700 ## - ASIENTO SECUNDARIO - NOMBRE PERSONAL
Nombre personal Bernal, Néstor Ricardo
700 ## - ASIENTO SECUNDARIO - NOMBRE PERSONAL
Nombre personal Vargas, Julio César
700 ## - ASIENTO SECUNDARIO - NOMBRE PERSONAL
Nombre personal Gutiérrez, Diana
700 ## - ASIENTO SECUNDARIO - NOMBRE PERSONAL
Nombre personal Betancourth, Juan Carlos
942 ## - ELEMENTOS ADICIONALES (KOHA)
Tipo de ítem Informe Técnico
Sistema de clasificación Local
Koha issues (borrowed), all copies 1
Existencias
Withdrawn status Lost status Sistema de Clasificación Damaged status No para préstamo Colección Inventariado Ubicación Permanente Ubicación actual Fecha de adquisición Total Checkouts Número topográfico Inventario / Código de Barras Date last seen Date checked out Ejemplar Price effective from Forma de adquisición Tipo de material
    Local     Humboldt Inventariado 2017 Bogotá Bogotá 10/01/2009 1 IAVH-01289 026731 09/08/2024 15/05/2014 Ej. 1 04/12/2012   Informe Técnico